000 01225nam a22002417a 4500
999 _c12712
_d12712
003 AR-CdUCM
008 190410b ||||| |||| 00| 0 spa d
040 _aMUNICIPALIDAD PROVINCIAL DEL CUSCO
_cBIBLIOTECA MUNICIPAL DEL CUSCO
082 _a301 /
_bS74
100 _aSpencer, Herbert
_99994
245 _aLos datos de la sociología /
260 _aMadrid :
_bLa España Moderna.
300 _a2 tomos ;
_c22 cm.
440 _aBiblioteca de Jurisprudencia, Filosofía é Historia.
_930716
500 _aDedicatoria
505 _aContenido : t.1: Evolución superorgánica -- Factores de los fenómenos sociales -- Factores originales extremos -- Factores originales internos -- El hombre primitivo físico ... -- t.2: Ideas sobre los agentes sobrenaturales -- De los agentes sobrenaturales, causas presuntas de epilepsia, de convulsiones, de delirio, de locura de enfermedades y de muerte -- Inspiración, adivinación, exorcismo y brujería -- Culto de los ídolos y de los fetiques -- Culto de las plantas...
650 _aSocióloga
_930717
650 _aAgentes sobrenaturales
_930718
650 _aCultos
_930719
650 _aFenómenos sociales
_930720
942 _2ddc
_cLIBROS
945 _awnts
_d2019-04-10